Statistiques concernant Palmarès du Real Madrid

Cliquez ici pour prendre le quiz!

Statistiques générales

  • Ce quiz a été pris 125 fois
  • Le résultat moyen est 6 sur 17

Statistiques - réponses

DateTrophéeNombre% Correct
1956, 1957, 1958, 1959, 1960, 1966, 1998,
2000, 2002, 2014, 2016, 2017, 2018 et 2022
Ligue des Champions14
99%
1932, 1933, 1954, 1955, 1957, 1958, 1961,
1962, 1963, 1964, 1965, 1967, 1968, 1969,
1972, 1975, 1976, 1978, 1979, 1980, 1986,
1987, 1988, 1989, 1990, 1995, 1997, 2001,
2003, 2007, 2008, 2012, 2017, 2020 et 2022
LaLiga35
97%
1905, 1906, 1907, 1908, 1917, 1934, 1936,
1946, 1947, 1962, 1970, 1974, 1975, 1980,
1982, 1989, 1993, 2011, 2014 et 2023
Coupe d'Espagne20
91%
2014, 2016, 2017, 2018 et 2022Coupe du monde des Clubs5
72%
1988, 1989, 1990, 1993, 1997, 2001, 2003,
2008, 2012, 2017, 2020 et 2022
Super Coupe d'Espagne12
63%
1985 et 1986Europa League2
60%
2002, 2014, 2016, 2017 et 2022Super Coupe de l'UEFA5
54%
1960, 1998 et 2002Coupe Intercontinentale3
10%
1947Coupe Eva Duarte1
3%
1955 et 1957Coupe Latine2
3%
1932, 1933, 1934, 1935, 1936Coupe Mancomunados5
3%
1952 et 1956Petite coupe du monde des clubs2
3%
1985Coupe de la Ligue d'Espagne1
2%
1904,1905,1906, 1907, 1908, 1913, 1916,
1917, 1918, 1920, 1922, 1923, 1924, 1926,
1927, 1929, 1930, 1931
Ligue régionale18
2%
11 décembre 2000Meilleur Club du XX° Siècle1
2%
1994Copa Iberoamericana1
1%
1902Coupe Gran Peña1
1%

Distribution des résultats

Percentile par nombre de réponses

% des personnes avec chaque résultat

Votre développement - résultats

Vous n’avez pas pris ce quiz